The French conquest of Algeria, (Record no. 553155)
[ view plain ]
| 000 -LEADER | |
|---|---|
| fixed length control field | 00408cam a22001331 4500 |
| 082 ## - DEWEY DECIMAL CLASSIFICATION NUMBER | |
| Classification number | 965.03 |
| Author Mark | LAU |
| 100 1# - MAIN ENTRY--PERSONAL NAME | |
| Personal name | Laurie, George Brenton, |
| 9 (RLIN) | 50426 |
| 245 14 - TITLE STATEMENT | |
| Title | The French conquest of Algeria, |
| Statement of responsibility, etc. | by Major G.B. Laurie. |
| 260 ## - PUBLICATION, DISTRIBUTION, ETC. | |
| Place of publication, distribution, etc. | London, |
| Name of publisher, distributor, etc. | H. Rees, ltd., |
| Date of publication, distribution, etc. | 1909. |
| 300 ## - PHYSICAL DESCRIPTION | |
| Extent | 3 p. l., 217, [1] p. |
| Other physical details | 3 fold. maps. |
| Dimensions | 23 cm. |
| 526 ## - STUDY PROGRAM INFORMATION NOTE | |
| Program name | 0 |
| Interest level | 0 |
| Reading level | 0 |
| Title point value | 965_030000000000000_LAU |
| 650 ## - SUBJECT ADDED ENTRY--TOPICAL TERM | |
| Topical term or geographic name entry element | MCE |
| 9 (RLIN) | 379 |
| 942 ## - ADDED ENTRY ELEMENTS (KOHA) | |
| Source of classification or shelving scheme | |
| Koha item type | Book |
| Withdrawn status | Lost status | Source of classification or shelving scheme | Damaged status | Not for loan | Permanent Location | Current Location | Shelving location | Date acquired | Total Checkouts | Full call number | Barcode | Date last seen | Price effective from | Koha item type |
|---|---|---|---|---|---|---|---|---|---|---|---|---|---|---|
| Military College of Engineering (MCE) | Military College of Engineering (MCE) | 01/30/2015 | 965.03 LAU | MCE-ECF /75 | 01/30/2015 | 01/30/2015 | Book |
